[Event "Titled Tuesday intern op 18th Mar Late"]
[Site "Chess.com INT"]
[Date "2025.03.18"]
[Round "1"]
[White "Burmakin, Vladimir"]
[Black "Cavalcante, Adriano Nunes"]
[Result "1/2-1/2"]
[WhiteElo "2435"]
[BlackElo "2002"]
[PlyCount "63"]
[EventDate "2025.03.18"]
[EventType "swiss (blitz)"]
[EventRounds "11"]
[EventCountry "USA"]
[SourceTitle "CB13_2025"]
[SourceDate "2025.03.26"]
[SourceVersion "1"]
[SourceVersionDate "2025.03.26"]
[SourceQuality "1"]

1. Nf3 d5 2. c4 e6 3. g3 Nf6 4. Bg2 Be7 5. 0-0 0-0 6. d4 dxc4 7. Qc2 a6 8. a4 Bd7 9. Bg5 Bc6 10. Rd1 b5 11. Bxf6 Bxf6 12. Nc3 g6 13. e4 b4 14. e5 bxc3 15. exf6 cxb2 16. Qxb2 Qxf6 17. Ne5 Bxg2 18. Kxg2 Qd8 19. Qc3 Qd5+ 20. Kg1 Nc6 21. Nxc4 Rfd8 22. Qe3 Nxd4 23. Nd2 c5 24. Rac1 Rac8 25. Ne4 Qf5 26. Kg2 Kg7 27. Rd3 Qd5 28. f3 Qa2+ 29. Rd2 Qd5 30. Rd3 Qa2+ 31. Rd2 Qd5 32. Rd3 1/2-1/2

[Event "Titled Tuesday intern op 18th Mar Late"]
[Site "Chess.com INT"]
[Date "2025.03.18"]
[Round "10"]
[White "Cavalcante, Adriano Nunes"]
[Black "Jovic, Stanoje"]
[Result "0-1"]
[WhiteElo "2002"]
[BlackElo "2096"]
[PlyCount "30"]
[EventDate "2025.03.18"]
[EventType "swiss (blitz)"]
[EventRounds "11"]
[EventCountry "USA"]
[SourceTitle "CB13_2025"]
[SourceDate "2025.03.26"]
[SourceVersion "1"]
[SourceVersionDate "2025.03.26"]
[SourceQuality "1"]

1. d4 Nf6 2. c4 e6 3. Nf3 b6 4. g3 Ba6 5. Nbd2 d5 6. Bg2 Be7 7. 0-0 0-0 8. b3 c5 9. dxc5 bxc5 10. cxd5 exd5 11. Re1 Nc6 12. e3 Ne4 13. Nxe4 dxe4 14. Nd2 Bf6 15. Bb2 Bxb2 0-1

[Event "Titled Tuesday intern op 18th Mar Late"]
[Site "Chess.com INT"]
[Date "2025.03.18"]
[Round "5"]
[White "Terron Elena, Francisco Miguel"]
[Black "Cavalcante, Adriano Nunes"]
[Result "0-1"]
[WhiteElo "2138"]
[BlackElo "2002"]
[PlyCount "64"]
[EventDate "2025.03.18"]
[EventType "swiss (blitz)"]
[EventRounds "11"]
[EventCountry "USA"]
[SourceTitle "CB13_2025"]
[SourceDate "2025.03.26"]
[SourceVersion "1"]
[SourceVersionDate "2025.03.26"]
[SourceQuality "1"]

1. d4 d5 2. c4 e6 3. Nc3 Be7 4. Nf3 Nf6 5. g4 dxc4 6. e3 c5 7. g5 Nd5 8. Bxc4 cxd4 9. Qxd4 0-0 10. Nxd5 exd5 11. Qxd5 Bb4+ 12. Bd2 Bxd2+ 13. Qxd2 Qc7 14. Rc1 Nc6 15. h4 Bg4 16. Nd4 Rad8 17. Bb5 Nxd4 18. exd4 Qe7+ 19. Kf1 Bf3 20. Rh3 Bd5 21. b3 Qe4 22. f3 Qf5 23. Rg3 Bxf3 24. Qf2 Be4 25. Qxf5 Bxf5 26. Rc7 Be4 27. Bc4 Rxd4 28. h5 Kh8 29. Re3 Bc6 30. Bxf7 Rf4+ 31. Ke1 R4xf7 32. Rxf7 Rxf7 0-1

[Event "Titled Tuesday intern op 18th Mar Late"]
[Site "Chess.com INT"]
[Date "2025.03.18"]
[Round "9"]
[White "Thorhallsson, Simon"]
[Black "Cavalcante, Adriano Nunes"]
[Result "1-0"]
[WhiteElo "2232"]
[BlackElo "2002"]
[PlyCount "77"]
[EventDate "2025.03.18"]
[EventType "swiss (blitz)"]
[EventRounds "11"]
[EventCountry "USA"]
[SourceTitle "CB13_2025"]
[SourceDate "2025.03.26"]
[SourceVersion "1"]
[SourceVersionDate "2025.03.26"]
[SourceQuality "1"]

1. d4 d5 2. Nf3 Nf6 3. Bf4 c5 4. e3 cxd4 5. exd4 Nc6 6. c3 Bg4 7. Nbd2 e6 8. Bd3 Be7 9. 0-0 Bh5 10. h3 0-0 11. Re1 Rc8 12. Qb3 Na5 13. Qc2 Bg6 14. Bxg6 hxg6 15. Ne5 Nd7 16. Ndf3 Nxe5 17. Nxe5 Nc4 18. Re2 Nxe5 19. Bxe5 b5 20. a3 a5 21. Qb3 Qb6 22. h4 Bxh4 23. g3 Bf6 24. Kg2 Bxe5 25. dxe5 Qc6 26. f3 Qc4 27. Qd1 Rfd8 28. Rd2 b4 29. axb4 axb4 30. Rd4 Qc7 31. Rxb4 Qxe5 32. Rd4 Rb8 33. Qd2 Rdc8 34. Rh1 Qc7 35. Rdh4 Kf8 36. b4 Qxc3 37. Qxc3 Rxc3 38. Rh8+ Ke7 39. Rxb8 1-0

[Event "Fortaleza Cearense-ch"]
[Site "Fortaleza"]
[Date "2024.11.16"]
[Round "4"]
[White "Cavalcante, Adriano Nunes"]
[Black "Dos Santos, Antonio G Rodrigu"]
[Result "1/2-1/2"]
[WhiteElo "1972"]
[BlackElo "1917"]
[PlyCount "140"]
[EventDate "2024.11.14"]
[EventType "swiss"]
[EventRounds "7"]
[EventCountry "BRA"]
[SourceTitle "CB49_2024"]
[SourceDate "2024.12.04"]
[SourceVersion "1"]
[SourceVersionDate "2024.12.04"]
[SourceQuality "1"]

1. d4 Nf6 2. c4 g6 3. Nc3 Bg7 4. e4 d6 5. Nf3 0-0 6. Be2 e5 7. Be3 exd4 8. Nxd4 Re8 9. f3 c6 10. Bf2 d5 11. exd5 cxd5 12. 0-0 Nc6 13. c5 Bd7 14. Ndb5 Be6 15. Nd6 Re7 16. Bb5 a6 17. Nxb7 Qc7 18. Bxc6 Qxc6 19. Nd6 Ne8 20. Nxe8 Rexe8 21. Bd4 Bf8 22. b4 Qc7 23. Re1 a5 24. a3 axb4 25. axb4 Qf4 26. Rxa8 Rxa8 27. g3 Qb8 28. Qb3 Qb7 29. Na4 Qb5 30. Nb6 Ra7 31. Qb2 Qd3 32. Qf2 Ra3 33. Kg2 Qb3 34. Re3 Qxb4 35. Rxa3 Qxa3 36. g4 Qc1 37. Qe3 Qxe3 38. Bxe3 Be7 39. Bd4 Bd8 40. Na4 Bd7 41. Nc3 Bc6 42. Kf2 f5 43. gxf5 gxf5 44. Ke3 Kf7 45. Be5 Ke6 46. f4 Ba5 47. Ne2 Bd7 48. Nd4+ Kf7 49. c6 Bc8 50. Nb5 Bb6+ 51. Bd4 Ba6 52. c7 Bxd4+ 53. Kxd4 Ke7 54. Na7 Kd7 55. c8Q+ Bxc8 56. Nxc8 Kxc8 57. Kxd5 Kd7 58. Ke5 Ke7 59. Kxf5 Kf7 60. h4 Ke7 61. Kg5 Kf7 62. Kh6 Kg8 63. h5 Kh8 64. Kg5 Kg7 65. Kf5 Kf7 66. Ke5 Ke7 67. f5 Kf7 68. f6 Kg8 69. Kf4 Kf7 70. Kg5 Ke6 1/2-1/2

[Event "Fortaleza Cearense-ch"]
[Site "Fortaleza"]
[Date "2024.11.14"]
[Round "1"]
[White "Silveira, Jose Wanderley Maci"]
[Black "Cavalcante, Adriano Nunes"]
[Result "0-1"]
[WhiteElo "1867"]
[BlackElo "1972"]
[PlyCount "54"]
[EventDate "2024.11.14"]
[EventType "swiss"]
[EventRounds "7"]
[EventCountry "BRA"]
[SourceTitle "CB49_2024"]
[SourceDate "2024.12.04"]
[SourceVersion "1"]
[SourceVersionDate "2024.12.04"]
[SourceQuality "1"]

1. e4 c6 2. d4 d5 3. Nc3 dxe4 4. Nxe4 Nf6 5. Nxf6+ exf6 6. h3 Bd6 7. Nf3 0-0 8. Bd3 Re8+ 9. Be2 Bc7 10. 0-0 Qd6 11. Bd3 Nd7 12. Re1 Rxe1+ 13. Qxe1 Nf8 14. Bd2 Be6 15. c4 Ng6 16. Bxg6 hxg6 17. b3 Re8 18. Bb4 Qd8 19. Qd2 g5 20. g4 f5 21. Nxg5 fxg4 22. Nxe6 Rxe6 23. hxg4 Qh4 24. f3 Rh6 25. Qg2 Qf6 26. Qf2 Rh2 27. Qxh2 Bxh2+ 0-1

[Event "Salvador Nordeste Regional"]
[Site "Salvador"]
[Date "2024.09.06"]
[Round "2"]
[White "Cavalcante, Adriano Nunes"]
[Black "Fiaes, Mario Henrique"]
[Result "0-1"]
[WhiteElo "1936"]
[BlackElo "2114"]
[PlyCount "80"]
[EventDate "2024.09.06"]
[EventType "swiss"]
[EventRounds "6"]
[EventCountry "BRA"]
[SourceTitle "EXT 2025"]
[Source "ChessBase"]
[SourceDate "2024.10.14"]
[SourceVersion "1"]
[SourceVersionDate "2024.10.14"]
[SourceQuality "1"]

1. d4 Nf6 2. c4 e6 3. Nf3 b6 4. g3 Ba6 5. Nbd2 Bb4 6. Qc2 0-0 7. Bg2 d5 8. a3 Be7 9. 0-0 Bb7 10. Rd1 Nbd7 11. b3 Rc8 12. Bb2 c5 13. dxc5 Bxc5 14. b4 Be7 15. Qb3 dxc4 16. Nxc4 Bd5 17. Nfd2 Bxg2 18. Kxg2 Qc7 19. Rac1 Rfd8 20. Nf3 Qb8 21. Ne3 Qb7 22. Kg1 Qa6 23. Kf1 h6 24. Nd4 Qb7 25. Kg1 b5 26. Rxc8 Rxc8 27. Nf3 Nb6 28. Ne5 Ne4 29. Qd3 a6 30. Bd4 Na4 31. f3 Nec3 32. Rd2 Rd8 33. Qc2 Nxe2+ 34. Rxe2 Rxd4 35. Nc6 Rd7 36. Qe4 Bg5 37. Rc2 Nb6 38. f4 Bf6 39. Ng4 Bd4+ 40. Kf1 Nc4 0-1

[Event "BRA-ch Amateurs U2000"]
[Site "Sao Paulo"]
[Date "2024.05.31"]
[Round "3"]
[White "Bernardo, Henrique Carvalho"]
[Black "Cavalcante, Adriano Nunes"]
[Result "1-0"]
[WhiteElo "1734"]
[BlackElo "1885"]
[PlyCount "65"]
[EventDate "2024.05.30"]
[EventType "swiss"]
[EventRounds "7"]
[EventCountry "BRA"]
[SourceTitle "CBM 220 Extra"]
[Source "ChessBase"]
[SourceDate "2024.07.31"]
[SourceVersion "1"]
[SourceVersionDate "2024.07.31"]
[SourceQuality "1"]

1. e4 c5 2. Nf3 d6 3. d4 cxd4 4. Nxd4 Nf6 5. Nc3 Nc6 6. Bg5 e6 7. Qd2 a6 8. 0-0-0 Bd7 9. Kb1 Be7 10. f3 Nxd4 11. Qxd4 Bc6 12. h4 h6 13. Be3 d5 14. e5 Nd7 15. Qg4 Nxe5 16. Qxg7 Bf6 17. Qg3 Nd7 18. f4 Qa5 19. Bd4 Bxd4 20. Rxd4 0-0-0 21. Be2 Rhg8 22. Qh3 Qc5 23. Rhd1 Nf6 24. g4 Ne4 25. Qe3 Nxc3+ 26. bxc3 Bb5 27. Rc4 Qxc4 28. Bxc4 Bxc4 29. g5 hxg5 30. fxg5 Rh8 31. Rh1 Rh5 32. Qc5+ Kb8 33. Qe7 1-0

[Event "BRA-ch Amateurs U2000"]
[Site "Sao Paulo"]
[Date "2024.05.30"]
[Round "1"]
[White "Matiuci, Bernardo Steinle"]
[Black "Cavalcante, Adriano Nunes"]
[Result "1/2-1/2"]
[WhiteElo "1739"]
[BlackElo "1885"]
[PlyCount "64"]
[EventDate "2024.05.30"]
[EventType "swiss"]
[EventRounds "7"]
[EventCountry "BRA"]
[SourceTitle "CBM 220 Extra"]
[Source "ChessBase"]
[SourceDate "2024.07.31"]
[SourceVersion "1"]
[SourceVersionDate "2024.07.31"]
[SourceQuality "1"]

1. d4 d5 2. c4 e6 3. Nc3 Be7 4. cxd5 exd5 5. Bf4 c6 6. e3 Bf5 7. Qb3 Qb6 8. Nf3 Nd7 9. Be2 Ngf6 10. h3 h6 11. 0-0 0-0 12. Rfc1 Rfe8 13. Qa4 Qxb2 14. Ne1 Qa3 15. Qb3 Qxb3 16. axb3 Ne4 17. Bd3 Nxc3 18. Rxc3 Bxd3 19. Nxd3 a6 20. Kf1 Nf6 21. b4 Nd7 22. Nc5 Nb6 23. Nxb7 Nc4 24. Nc5 Bxc5 25. bxc5 Re7 26. Ke2 a5 27. Kd3 Rb7 28. e4 Rb2 29. exd5 cxd5 30. Rc2 Rb3+ 31. Rc3 Rb2 32. Rc2 Rb3+ 1/2-1/2

[Event "Fortaleza Schoonenborch op 10th"]
[Site "Fortaleza"]
[Date "2024.02.18"]
[Round "5"]
[White "Cavalcante, Adriano Nunes"]
[Black "Carmo e Silva, Jammes Willian"]
[Result "1/2-1/2"]
[WhiteElo "1839"]
[BlackElo "1788"]
[PlyCount "109"]
[EventDate "2024.02.15"]
[EventType "swiss"]
[EventRounds "6"]
[EventCountry "BRA"]
[SourceTitle "CBM 218 Extra"]
[Source "ChessBase"]
[SourceDate "2024.03.31"]
[SourceVersion "1"]
[SourceVersionDate "2024.03.31"]
[SourceQuality "1"]

1. d4 b6 2. c4 Bb7 3. Nc3 Nf6 4. d5 e5 5. a3 Be7 6. e4 d6 7. Nf3 Nbd7 8. b4 a5 9. Bb2 0-0 10. Be2 Nh5 11. g3 g6 12. Nd2 Ng7 13. 0-0 f5 14. exf5 gxf5 15. f4 exf4 16. Rxf4 Bg5 17. Rf1 Qe7 18. Nf3 Be3+ 19. Kh1 Rae8 20. Bc1 Qf6 21. Bb2 c6 22. Qc2 Qh6 23. dxc6 Bxc6 24. Nd5 f4 25. g4 Qh3 26. Ng1 Qh4 27. Bf3 Ne5 28. Bxe5 dxe5 29. Nxe3 e4 30. Ng2 Qf6 31. Rac1 exf3 32. Nxf3 Be4 33. Qc3 Qc6 34. Kg1 axb4 35. axb4 Qe6 36. h3 Ba8 37. Rfe1 Qc6 38. Ngh4 h5 39. c5 hxg4 40. Qb3+ Kh8 41. hxg4 Rxe1+ 42. Rxe1 bxc5 43. bxc5 Qxc5+ 44. Kg2 Rd8 45. Qb2 Qg5 46. Kh3 Bxf3 47. Nxf3 Qd5 48. Qf2 Qd3 49. Kg2 Rd7 50. Ra1 Qd5 51. Ra2 Kg8 52. Qb2 Ne6 53. Qd2 Qc6 54. Qc2 Qd5 55. Qd2 1/2-1/2

[Event "Fortaleza Schoonenborch op 10th"]
[Site "Fortaleza"]
[Date "2024.02.16"]
[Round "2"]
[White "Almeida, Antoniel Lima"]
[Black "Cavalcante, Adriano Nunes"]
[Result "1-0"]
[WhiteElo "1673"]
[BlackElo "1839"]
[PlyCount "129"]
[EventDate "2024.02.15"]
[EventType "swiss"]
[EventRounds "6"]
[EventCountry "BRA"]
[SourceTitle "CBM 218 Extra"]
[Source "ChessBase"]
[SourceDate "2024.03.31"]
[SourceVersion "1"]
[SourceVersionDate "2024.03.31"]
[SourceQuality "1"]

1. e4 c5 2. Nf3 d6 3. d4 cxd4 4. Nxd4 Nf6 5. Nc3 Nc6 6. Bg5 e6 7. f3 Be7 8. Qd2 Nxd4 9. Qxd4 Bd7 10. 0-0-0 Bc6 11. Bc4 a6 12. e5 dxe5 13. Qxe5 Qb8 14. Qxb8+ Rxb8 15. Bf4 Rc8 16. Bb3 0-0 17. Bd6 Bxd6 18. Rxd6 Rfd8 19. Rhd1 Rxd6 20. Rxd6 Kf8 21. Rd2 Ke7 22. Ne2 b5 23. Nd4 Be8 24. Re2 Nd7 25. f4 Nc5 26. f5 Bd7 27. fxe6 fxe6 28. Nf5+ Kf6 29. Nd4 e5 30. Rf2+ Kg6 31. Bf7+ Kh6 32. Nf5+ Kg5 33. h4+ Kg4 34. Ne3+ Kxh4 35. Kd1 Ne4 36. Rf1 Rd8 37. Ke1 Rf8 38. c4 Nd6 39. Rh1+ Kg5 40. Bd5 h5 41. c5 Nf5 42. Nxf5 Bxf5 43. Ke2 Rd8 44. Bb7 Bc8 45. Bxc8 Rxc8 46. b4 Rc6 47. Ke3 a5 48. a3 axb4 49. axb4 Ra6 50. Ke4 Ra2 51. Rc1 Rxg2 52. c6 Re2+ 53. Kf3 Ra2 54. c7 Ra3+ 55. Ke4 Ra8 56. c8Q Rxc8 57. Rxc8 Kg4 58. Kxe5 g5 59. Rg8 Kh4 60. Kf5 g4 61. Kf4 Kh3 62. Rh8 h4 63. Kg5 g3 64. Rxh4+ Kg2 65. Rg4 1-0

[Event "Florianopolis op 10th"]
[Site "Florianopolis"]
[Date "2024.01.27"]
[Round "9"]
[White "Cavalcante, Adriano Nunes"]
[Black "De Menezes, Ricardo Fagner Dias"]
[Result "0-1"]
[WhiteElo "1878"]
[BlackElo "1675"]
[PlyCount "72"]
[EventDate "2024.01.20"]
[EventType "swiss"]
[EventRounds "10"]
[EventCountry "BRA"]
[SourceTitle "EXT 2025"]
[Source "ChessBase"]
[SourceDate "2024.10.14"]
[SourceVersion "1"]
[SourceVersionDate "2024.10.14"]
[SourceQuality "1"]

1. d4 d5 2. c4 c6 3. Nf3 Nf6 4. Nc3 e6 5. Bg5 Be7 6. e3 Nbd7 7. Rc1 0-0 8. Bd3 b6 9. cxd5 exd5 10. 0-0 Bb7 11. Qe2 h6 12. Bh4 a6 13. Rfd1 Re8 14. Bb1 Nf8 15. Ne5 N6d7 16. Bxe7 Qxe7 17. Nd3 a5 18. Na4 Qd6 19. Qc2 Rab8 20. a3 Ba8 21. Qd2 Ne6 22. Rc2 c5 23. dxc5 bxc5 24. Qxa5 Rec8 25. Qd2 d4 26. f3 Bc6 27. Naxc5 Ndxc5 28. Nxc5 Nxc5 29. exd4 Nd7 30. b4 Ba4 31. Rxc8+ Rxc8 32. Re1 Nb6 33. Qe3 Rd8 34. Rc1 g6 35. Qxh6 Qxd4+ 36. Kh1 Qd1+ 0-1

[Event "Florianopolis op 10th"]
[Site "Florianopolis"]
[Date "2024.01.24"]
[Round "6"]
[White "De Souza, Samuel B Ornelas"]
[Black "Cavalcante, Adriano Nunes"]
[Result "1/2-1/2"]
[WhiteElo "1639"]
[BlackElo "1878"]
[PlyCount "122"]
[EventDate "2024.01.20"]
[EventType "swiss"]
[EventRounds "10"]
[EventCountry "BRA"]
[SourceTitle "CBM 218 Extra"]
[Source "ChessBase"]
[SourceDate "2024.03.31"]
[SourceVersion "1"]
[SourceVersionDate "2024.03.31"]
[SourceQuality "1"]

1. d4 d5 2. c4 e6 3. cxd5 exd5 4. Nc3 c6 5. Qc2 Nf6 6. Bg5 g6 7. e3 Bf5 8. Bd3 Bxd3 9. Qxd3 Nbd7 10. Nf3 a5 11. 0-0 Bg7 12. Ne5 0-0 13. Kh1 Qb6 14. f4 Qa6 15. Qxa6 Rxa6 16. h3 Raa8 17. Rac1 Nxe5 18. fxe5 Nd7 19. e4 dxe4 20. Nxe4 Ra7 21. Rc2 h6 22. Nf6+ Bxf6 23. Bxf6 Nxf6 24. Rxf6 Kg7 25. Rcf2 Raa8 26. Rd6 Rfd8 27. Rff6 Rxd6 28. Rxd6 Rb8 29. Rd7 Kf8 30. d5 cxd5 31. Rxd5 b6 32. Rd6 Ke7 33. Kh2 b5 34. Kg3 b4 35. Rd5 Ra8 36. Rb5 Ra6 37. Kf4 Ke6 38. g4 f6 39. h4 g5+ 40. hxg5 hxg5+ 41. Ke4 fxe5 42. Rxe5+ Kf6 43. Rf5+ Kg6 44. Kf3 Ra8 45. Rb5 Rf8+ 46. Kg3 Ra8 47. Rb6+ Kg7 48. b3 Rc8 49. Rb5 Rc3+ 50. Kf2 Rc2+ 51. Ke3 Rxa2 52. Rxg5+ Kf6 53. Rb5 Ra3 54. Kf4 Rxb3 55. Rxa5 Rb1 56. Ra6+ Kg7 57. Kg5 b3 58. Ra7+ Kf8 59. Rb7 b2 60. Kg6 Rg1 61. Rxb2 Rxg4+ 1/2-1/2

[Event "Florianopolis op 10th"]
[Site "Florianopolis"]
[Date "2024.01.22"]
[Round "3"]
[White "Cavalcante, Adriano Nunes"]
[Black "Monteiro, Helen Ramazzotte"]
[Result "1-0"]
[WhiteElo "1878"]
[BlackElo "1533"]
[PlyCount "107"]
[EventDate "2024.01.20"]
[EventType "swiss"]
[EventRounds "10"]
[EventCountry "BRA"]
[SourceTitle "CBM 218 Extra"]
[Source "ChessBase"]
[SourceDate "2024.03.31"]
[SourceVersion "1"]
[SourceVersionDate "2024.03.31"]
[SourceQuality "1"]

1. d4 Nf6 2. c4 g6 3. Nc3 Bg7 4. e4 d6 5. Nf3 0-0 6. Be2 Nbd7 7. 0-0 e5 8. Be3 Ng4 9. Bg5 f6 10. Bd2 f5 11. exf5 gxf5 12. Bg5 Bf6 13. Bxf6 Ngxf6 14. dxe5 dxe5 15. Nd5 c6 16. Nxf6+ Qxf6 17. Qd2 Kh8 18. Qg5 Qg6 19. Qxg6 hxg6 20. Rad1 Kg7 21. Rd6 c5 22. Rfd1 e4 23. Ng5 Rf6 24. Rxd7+ Bxd7 25. Rxd7+ Kg8 26. f3 Rb6 27. b3 Re8 28. fxe4 fxe4 29. Kf2 Re5 30. h4 e3+ 31. Ke1 Kf8 32. Bf3 Re7 33. Rd8+ Kg7 34. Ke2 Ra6 35. a4 Rb6 36. Rd3 Kf8 37. Ne4 Rc7 38. Kxe3 Ke7 39. Nc3 Re6+ 40. Be4 Kf8 41. Nd5 Rh7 42. g3 Re8 43. Nf4 Rg7 44. Rd5 b6 45. Kd3 Ke7 46. Re5+ Kf8 47. Rxe8+ Kxe8 48. Bxg6+ Ke7 49. h5 Kf6 50. h6 Rd7+ 51. Ke3 Rd1 52. h7 Kg7 53. Ne6+ Kh8 54. Ng5 1-0

[Event "BRA-ch U26"]
[Site "Joinville"]
[Date "2023.10.10"]
[Round "2"]
[White "Cavalcante, Adriano Nunes"]
[Black "Guimaraes, Ricardo B Azevedo"]
[Result "0-1"]
[WhiteElo "1878"]
[BlackElo "1800"]
[PlyCount "80"]
[EventDate "2023.10.09"]
[EventType "swiss"]
[EventRounds "6"]
[EventCountry "BRA"]
[SourceTitle "CBM 216 Extra"]
[Source "ChessBase"]
[SourceDate "2023.11.30"]
[SourceVersion "1"]
[SourceVersionDate "2023.11.30"]
[SourceQuality "1"]

1. d4 Nf6 2. c4 g6 3. Nc3 Bg7 4. e4 d6 5. Nf3 0-0 6. Be2 e5 7. Be3 Nc6 8. d5 Ne7 9. Nd2 Ne8 10. b4 f5 11. f3 a5 12. a3 axb4 13. axb4 Rxa1 14. Qxa1 Nf6 15. Qa5 b6 16. Qa7 fxe4 17. Ncxe4 Nf5 18. Bf2 Nd4 19. Bd1 Bf5 20. 0-0 Nh5 21. Ng3 Nxg3 22. hxg3 Bd3 23. Re1 Bh6 24. Qa2 Qa8 25. Qb2 Bxd2 26. Qxd2 Bxc4 27. Bxd4 exd4 28. Qxd4 Qxd5 29. Qh4 Kg7 30. Ba4 b5 31. Bc2 Qd2 32. Re7+ Rf7 33. Rxf7+ Bxf7 34. Qe4 Qc3 35. Bd3 c6 36. Kh2 d5 37. Qe3 Qxb4 38. Qe5+ Kg8 39. Qb8+ Qf8 40. Qb7 Be8 0-1

[Event "BRA-ch U26"]
[Site "Joinville"]
[Date "2023.10.09"]
[Round "1"]
[White "Cruz, Kadmiel Asafhe Moua"]
[Black "Cavalcante, Adriano Nunes"]
[Result "0-1"]
[WhiteElo "1800"]
[BlackElo "1878"]
[PlyCount "108"]
[EventDate "2023.10.09"]
[EventType "swiss"]
[EventRounds "6"]
[EventCountry "BRA"]
[SourceTitle "CBM 216 Extra"]
[Source "ChessBase"]
[SourceDate "2023.11.30"]
[SourceVersion "1"]
[SourceVersionDate "2023.11.30"]
[SourceQuality "1"]

1. e4 c5 2. c3 Nf6 3. e5 Nd5 4. d4 cxd4 5. cxd4 d6 6. Nf3 Nc6 7. Bc4 dxe5 8. dxe5 Be6 9. Bb5 Qa5+ 10. Nc3 Nxc3 11. Bxc6+ bxc6 12. bxc3 Qxc3+ 13. Bd2 Qd3 14. Qa4 Bd5 15. Rc1 e6 16. Rxc6 Qe4+ 17. Qxe4 Bxe4 18. Rc7 Be7 19. Ke2 Bd8 20. Rcc1 0-0 21. Bb4 Re8 22. Rhd1 Bd5 23. a3 Rb8 24. Kf1 Bb6 25. Bc5 h6 26. Bxb6 Rxb6 27. Rb1 Ra6 28. Ra1 Rc8 29. Nd4 Ra4 30. Kg1 Rc3 31. Nb5 Rb3 32. Rd4 Ra5 33. Nc7 Rbxa3 34. Rc1 Rc5 35. Rdd1 Rac3 36. Rxc3 Rxc3 37. Nb5 Rc2 38. Nxa7 Re2 39. Nc8 Rxe5 40. Ne7+ Kf8 41. Nxd5 exd5 42. f4 Rf5 43. h3 h5 44. Kf2 Rxf4+ 45. Ke3 Rf5 46. g4 hxg4 47. hxg4 Rg5 48. Kf4 f6 49. Rh1 Re5 50. Rh5 Rxh5 51. gxh5 Ke7 52. Kf5 Kf7 53. h6 gxh6 54. Kf4 Ke6 0-1

[Event "Natal zt 2.4"]
[Site "Natal"]
[Date "2022.10.05"]
[Round "4"]
[White "Timossi, Lucas Jose Santiago"]
[Black "Cavalcante, Adriano Nunes"]
[Result "0-1"]
[WhiteElo "1449"]
[BlackElo "1965"]
[PlyCount "98"]
[EventDate "2022.10.03"]
[EventType "swiss"]
[EventRounds "9"]
[EventCountry "BRA"]
[SourceTitle "EXT 2024"]
[Source "ChessBase"]
[SourceDate "2023.10.10"]
[SourceVersion "1"]
[SourceVersionDate "2023.10.10"]
[SourceQuality "1"]

1. e4 c6 2. d4 d5 3. exd5 cxd5 4. c3 Nc6 5. Bd3 Nf6 6. Nd2 Bg4 7. Ngf3 e6 8. 0-0 Be7 9. Re1 0-0 10. Nf1 Bh5 11. Ng3 Bg6 12. Bxg6 hxg6 13. h3 b5 14. Qe2 Qb6 15. Ng5 b4 16. Be3 Rac8 17. Bf4 Na5 18. Qf3 Rc6 19. Rac1 Rfc8 20. cxb4 Bxb4 21. Rxc6 Rxc6 22. Rc1 Rxc1+ 23. Bxc1 Qxd4 24. Be3 Qxb2 25. Bxa7 Qxa2 26. Qf4 Nc6 27. Be3 e5 28. Qf3 Bd2 29. Qe2 Qb1+ 30. Kh2 Bxe3 31. fxe3 Qb6 32. Nf3 e4 33. Ng5 Qc7 34. Qa2 Qb8 35. Qf2 Qe5 36. Qa2 Qxg5 37. Qa8+ Kh7 38. Qxc6 Qe5 39. Qc1 Nh5 40. Qe1 g5 41. Qf2 Qxg3+ 42. Qxg3 Nxg3 43. Kxg3 Kg6 44. Kf2 Kf5 45. g4+ Ke5 46. Ke1 d4 47. exd4+ Kxd4 48. Kd2 e3+ 49. Ke1 Kd3 0-1

[Event "BRA-ch U26"]
[Site "Brasilia"]
[Date "2022.09.21"]
[Round "2"]
[White "Cavalcante, Adriano Nunes"]
[Black "Arantes, Carlos Eduardo Gonc"]
[Result "1-0"]
[WhiteElo "1965"]
[BlackElo "1722"]
[PlyCount "47"]
[EventDate "2022.09.20"]
[EventType "swiss"]
[EventRounds "6"]
[EventCountry "BRA"]
[SourceTitle "EXT 2024"]
[Source "ChessBase"]
[SourceDate "2023.10.10"]
[SourceVersion "1"]
[SourceVersionDate "2023.10.10"]
[SourceQuality "1"]

1. d4 Nf6 2. c4 g6 3. Nc3 d5 4. cxd5 Nxd5 5. e4 Nxc3 6. bxc3 Bg7 7. Nf3 0-0 8. Be2 c5 9. Rb1 Nc6 10. d5 Bxc3+ 11. Bd2 Bxd2+ 12. Qxd2 Nb8 13. h4 h5 14. Qh6 Qa5+ 15. Kf1 Qc3 16. e5 Qc2 17. Re1 f6 18. Rc1 Qe4 19. e6 Qxd5 20. Qxg6+ Kh8 21. Rh3 Bxe6 22. Qxh5+ Kg8 23. Rg3+ Bg4 24. Bc4 1-0

[Event "BRA-ch U26"]
[Site "Brasilia"]
[Date "2022.09.21"]
[Round "3"]
[White "Do Nascimento, Davi Alves"]
[Black "Cavalcante, Adriano Nunes"]
[Result "1-0"]
[WhiteElo "1909"]
[BlackElo "1965"]
[PlyCount "63"]
[EventDate "2022.09.20"]
[EventType "swiss"]
[EventRounds "6"]
[EventCountry "BRA"]
[SourceTitle "EXT 2024"]
[Source "ChessBase"]
[SourceDate "2023.10.10"]
[SourceVersion "1"]
[SourceVersionDate "2023.10.10"]
[SourceQuality "1"]

1. d4 d5 2. Nf3 Nf6 3. c4 c6 4. Nc3 a6 5. cxd5 cxd5 6. Bf4 Nc6 7. e3 Bg4 8. Be2 e6 9. 0-0 Bd6 10. Bxd6 Qxd6 11. Na4 Nd7 12. Rc1 0-0 13. Bd3 Qe7 14. a3 Bh5 15. Nc5 Nxc5 16. Rxc5 Bg6 17. Bxg6 hxg6 18. Qb3 Rac8 19. Qb6 Qc7 20. Qxc7 Rxc7 21. Rfc1 f6 22. Nd2 Kf7 23. b4 Rfc8 24. a4 b6 25. R5c3 b5 26. axb5 axb5 27. Rc5 Ke7 28. Rxb5 Kd7 29. Nb3 Ra7 30. Rbc5 Rac7 31. b5 Ne7 32. g4 1-0